• 首页
  • 本馆介绍
  • 公告通知
  • 最新文献
  • 馆藏检索
  • 电子资源
  • 读者导购
  • 参考咨询
  • 我的图书馆
  • 登录
  • 详细信息显示
  • 放入我的书架
  • 预约/预借图书
  • 作者相关作品
  • 分类相关作品
  • 丛书相关作品
  • 出版社相关作品

书目信息

  • 表格格式
  • 工作单格式
  • 卡片格式
题名:
一篇一篇 解读统编
    
 
作者: 何捷 主编
分册: 上   1-3年级
出版信息: 武汉   长江文艺出版社  2020.11
页数: 215页
开本: 23cm
丛书名: 大教育书系
单 册:
中图分类: G623.203
科图分类:
主题词: 小学语文课--教学研究
电子资源:
ISBN: 978-7-5702-1478-5
000 01092nam0 2200277 45
001 012001001175
005 20210922155335.67
010    @a978-7-5702-1478-5@dCNY31.00
100    @a20200803d2020 em y0chiy0110 ea
101 0  @achi
102    @aCN@b420000
105    @aa z 000yy
106    @ar
200 1  @a一篇一篇 解读统编@Ayi pian yi pian jie du tong bian@e口语交际这样教@h上@i1-3年级@f何捷主编
210    @a武汉@c长江文艺出版社@d2020.11
215    @a215页@c图@d23cm
225 2  @a大教育书系@i做教育的思想者
330    @a本套书分为两册,上册为1-3年级卷,下册为4-6年级卷。每篇口语交际的重难点在哪里?怎么巧妙展开?如何巧妙设计进行推进?PPT如何呈现?……一本超级实用的“口语交际”课堂实录设计指南。手把手教您上好统编新课的“口语交际”单元。从设计理念、教学过程到环节解析,立体呈现有趣、有料又有效的范本课堂。
410  0 @12001 @a大教育书系
461  0 @12001 @a大教育书系
462  0 @12001 @a做教育的思想者
606 0  @a小学语文课@x教学研究
690    @aG623.203@v5
701  0 @a何捷@Ahe jie@4主编
801    @aCN@bAHXH@c20210922
905    @b1247917-21@dG623.203@e1380:1@f5
    
    一篇一篇 解读统编:口语交际这样教.上.1-3年级/何捷主编.-武汉:长江文艺出版社,2020.11
    215页:图;23cm.-(大教育书系.做教育的思想者)
    
    
    ISBN 978-7-5702-1478-5:CNY31.00
    本套书分为两册,上册为1-3年级卷,下册为4-6年级卷。每篇口语交际的重难点在哪里?怎么巧妙展开?如何巧妙设计进行推进?PPT如何呈现?……一本超级实用的“口语交际”课堂实录设计指南。手把手教您上好统编新课的“口语交际”单元。从设计理念、教学过程到环节解析,立体呈现有趣、有料又有效的范本课堂。
●
相关链接 在E读中查询图书 在五车中查询图书 在当当中查询图书 在豆瓣中查询图书


正题名:一篇一篇 解读统编     索取号:G623.203/1380:1         预约/预借

序号 登录号 条形码 馆藏地/架位号 状态 备注
1 1247917   212479174   第一样本阅览室/ [索取号:G623.203/1380:1] 在馆    
2 1247918   212479183   教育系资料室/ [索取号:G623.203/1380:1] 在馆    
3 1247919   212479192   教育系资料室/ [索取号:G623.203/1380:1] 在馆    
4 1247920   212479209   第四借阅区/ [索取号:G623.203/1380:1] 在馆    
5 1247921   212479218   第四借阅区/ [索取号:G623.203/1380:1] 在馆    
唐山师范学院图书馆 欢迎您!
大连网信软件有限公司© 版权所有